ARRUPE JESUIT UNIVERSITY

CORONAVIRUS -STOP THE SPREAD - CLEAN,DISINFECT,COVER

Stories of the spirit, stories of the heart : (Record no. 118749)

MARC details
000 -LEADER
fixed length control field 01109cam a2200301 a 4500
001 - CONTROL NUMBER
control field 3417632
003 - CONTROL NUMBER IDENTIFIER
control field ARRUPE
005 - DATE AND TIME OF LATEST TRANSACTION
control field 20131127104750.0
008 - FIXED-LENGTH DATA ELEMENTS--GENERAL INFORMATION
fixed length control field 900411s1991 cau 000 0 eng
010 ## - LIBRARY OF CONGRESS CONTROL NUMBER
LC control number 90055306
020 ## - INTERNATIONAL STANDARD BOOK NUMBER
International Standard Book Number 0062503219 (alk. paper) :
Terms of availability $30.00 ($40.00 Can.)
020 ## - INTERNATIONAL STANDARD BOOK NUMBER
International Standard Book Number 0062503006 (pbk.)
040 ## - CATALOGING SOURCE
Original cataloging agency DLC
Transcribing agency DLC
Modifying agency DLC
050 00 - LIBRARY OF CONGRESS CALL NUMBER
Classification number BL624
Item number .S755 1991
300 ## - PHYSICAL DESCRIPTION
Dimensions 24 cm.
245 00 - TITLE STATEMENT
Title Stories of the spirit, stories of the heart :
Remainder of title parables of the spiritual path from around the world /
Statement of responsibility, etc edited by Christina Feldman and Jack Kornfield.
250 ## - EDITION STATEMENT
Edition statement 1st ed.
260 ## - PUBLICATION, DISTRIBUTION, ETC. (IMPRINT)
Place of publication, distribution, etc [San Francisco] :
Name of publisher, distributor, etc HarperSanFrancisco,
Date of publication, distribution, etc c1991.
300 ## - PHYSICAL DESCRIPTION
Extent 396 p. ;
650 #0 - SUBJECT ADDED ENTRY--TOPICAL TERM
Topical term or geographic name as entry element Parables.
9 (RLIN) 4102
650 #0 - SUBJECT ADDED ENTRY--TOPICAL TERM
Topical term or geographic name as entry element Parables
Form subdivision Paraphrases.
9 (RLIN) 4103
650 #0 - SUBJECT ADDED ENTRY--TOPICAL TERM
Topical term or geographic name as entry element Storytelling
General subdivision Religious aspects.
9 (RLIN) 4104
650 #0 - SUBJECT ADDED ENTRY--TOPICAL TERM
Topical term or geographic name as entry element Spiritual life.
9 (RLIN) 4105
700 1# - ADDED ENTRY--PERSONAL NAME
Personal name Feldman, Christina.
9 (RLIN) 4106
700 1# - ADDED ENTRY--PERSONAL NAME
Personal name Kornfield, Jack,
Dates associated with a name 1945-
9 (RLIN) 4107
906 ## - LOCAL DATA ELEMENT F, LDF (RLIN)
a 7
b cbc
c orignew
d 1
e ocip
f 19
g y-gencatlg
942 ## - ADDED ENTRY ELEMENTS (KOHA)
Source of classification or shelving scheme Library of Congress Classification
Koha item type Monograph ( Printed materials)
Holdings
Withdrawn status Lost status Source of classification or shelving scheme Damaged status Not for loan Home library Current library Shelving location Date acquired Total Checkouts Full call number Barcode Date last seen Price effective from Koha item type
    Library of Congress Classification     ARRUPE LIBRARY ARRUPE LIBRARY Main Collection 27/11/2013   BL624 .S755 1991 46410239 01/08/2016 27/11/2013 Monograph ( Printed materials)

 

Arrupe Library. PO Box MP320 Mt Pleasant, Harare, Zimbabwe
263 242 745411|librarian@aju.ac.zw